Normal view
MARC view
Entry Topical Term
001 - CONTROL NUMBER
- control field: 29943
003 - CONTROL NUMBER IDENTIFIER
- control field: dpl
005 - DATE AND TIME OF LATEST TRANSACTION
- control field: 20110722144032.0
008 - FIXED-LENGTH DATA ELEMENTS
- fixed length control field: 110722|||a|||||| | ||| d
040 ## - CATALOGING SOURCE
- Original cataloging agency: dpl
- Transcribing agency: dpl
150 ## - HEADING--TOPICAL TERM
- Topical term or geographic name as entry element: Health
670 ## - SOURCE DATA FOUND
- Source citation: Work cat.: (dpl)37232: गर्ग, सी.एल. 747, योगासन और स्वास्थ्य /, 2010
670 ## - SOURCE DATA FOUND
- Source citation: Work cat.: (dpl)37232: गर्ग, सी.एल. 747, योगासन और स्वास्थ्य /, 2010
